Kalibrácia meradiel vlhkosti v podmienkach Slovenského hydrometeorologického ústavu

Gespeichert in:
Bibliographische Detailangaben
1. Verfasser: Starinský, Gregor (Verfasst von)
Weitere Verfasser: Halaj, Martin (Betreuung Doktorarbeit)
Format: Manuskript Buch
Sprache:Slowakisch
Veröffentlicht: 2024
Schlagworte:
Online-Zugang:http://is.stuba.sk/zp/portal_zp.pl?podrobnosti=179180
Tags: Tag hinzufügen
Keine Tags, Fügen Sie das erste Tag hinzu!

MARC

LEADER 00000ntm a22000003a 4500
001 stuzp97999
003 SK-STU
005 20241120085328.7
007 ta
008 150427s2015----xo-----f-mn---000-0-slo-d
040 |a STU  |b slo 
041 0 |a slo 
100 1 |a Starinský, Gregor  |u 020020  |4 aut  |U SjF Strojnícka fakulta  |T SjF Ústav automatizácie, informatizácie a merania  |X 104925  |U J0020  |Y 802  |7 104925 
242 0 1 |a Calibration of humidity meters in the Slovak Hydrometeorological Institute  |y eng 
245 1 0 |a Kalibrácia meradiel vlhkosti v podmienkach Slovenského hydrometeorologického ústavu 
260 |c 2024 
650 4 |a klimatizačná komora  |2 slo 
650 4 |a vlhkosť  |2 slo 
650 4 |a kalibrácia  |2 slo 
650 4 |a etalón  |2 slo 
650 4 |a generátor vlhkosti  |2 slo 
650 4 |a rosný bod  |2 slo 
650 4 |a standard  |2 eng 
650 4 |a air conditioning chamber  |2 eng 
650 4 |a dew point  |2 eng 
650 4 |a humidity  |2 eng 
650 4 |a calibration  |2 eng 
650 4 |a humidity generator  |2 eng 
700 1 |a Halaj, Martin  |u 020020  |k Z1  |4 ths  |U SjF Strojnícka fakulta  |T SjF Ústav automatizácie, informatizácie a merania  |X 2317  |U J0020  |Y 802  |7 A000002317 
856 4 |u http://is.stuba.sk/zp/portal_zp.pl?podrobnosti=179180 
996 |b 284J047661  |c J* 3756/DDP  |l JJSK  |s A  |a 24  |w stuzp97999_0001